| 000 | 01008cam a22002054a 4500 | ||
|---|---|---|---|
| 005 | 20250605163958.0 | ||
| 008 | 250528s ||||||||||||||||||||||||d | ||
| 035 | _a15527 | ||
| 020 | _a1853961191 | ||
| 040 |
_aGR-AtMCL _bgre _dGR-AtMCL _eAACR2 |
||
| 245 | 1 | _aResearch Methods for Managers | |
| 260 |
_bPcp, _c1991 |
||
| 300 | _a168 | ||
| 520 | _aThe Authors address the key philosophical foundations of the main methodological approaches to research in management and business. Introduction, Starting Management Research, The Role of Theory in Research Methods, Experimental Research Design, Quasi-Experiments and Action Research, Survey Research Design, Ethnography: Its Origins and Practice, Issues in Ethnographic Research, Making Methodological Choices: The Philosophical Basis, Conclusion: Resolving the Dilemmas in Choosing a Research Strategy, References, Glossary, Index. | ||
| 700 | 1 |
_aGill John _91476 |
|
| 700 | 1 |
_aJohnson Phil _91477 |
|
| 942 | _cBK | ||
| 999 |
_c1103 _d1103 |
||